|
|
|
|
| LEADER |
00000cam a2200000 7i4500 |
| 001 |
0000002631 |
| 005 |
20030828.0 |
| 020 |
0 |
0 |
|a 3880853509
|
| 090 |
0 |
0 |
|a 332.71
|b RUR 1987
|
| 245 |
0 |
0 |
|a RURAL finance :
|b guiding principles
|c edited by R. H. Schmidt and Erhard Kropp
|
| 260 |
0 |
0 |
|a Eschborn :
|b German Agency for Technical Cooperation ,
|c 1987
|
| 300 |
|
|
|a viii, 158 p. :
|b col. ill. ;
|c 21 cm.
|
| 500 |
0 |
0 |
|a Bibliography : p. 150-158
|
| 650 |
0 |
0 |
|a Rural credit
|
| 650 |
0 |
0 |
|a Rural development
|x Finance
|
| 700 |
0 |
1 |
|a Kropp
|h Erhard
|
| 700 |
0 |
1 |
|a Schmidt
|h R. H.
|
| 998 |
|
|
|a JPSM
|
| 999 |
|
|
|a 0000004073
|b Monograph
|c Open Shelf
|e Default branch
|